Biology of Fishes (Record no. 208)
[ view plain ]
| 000 -LEADER | |
|---|---|
| fixed length control field | 00735nam a22002417a 4500 |
| 005 - DATE AND TIME OF LATEST TRANSACTION | |
| control field | 20230224074340.0 |
| 008 - FIXED-LENGTH DATA ELEMENTS--GENERAL INFORMATION | |
| fixed length control field | 230224b |||||||| |||| 00| 0 eng d |
| 020 ## - INTERNATIONAL STANDARD BOOK NUMBER | |
| Qualifying information | 9780748744985 (pbk) |
| 040 ## - CATALOGING SOURCE | |
| Original cataloging agency | KMU |
| Transcribing agency | KMU |
| 050 ## - LIBRARY OF CONGRESS CALL NUMBER | |
| Classification number | SH 155.5 Bon 1999 |
| 100 ## - MAIN ENTRY--PERSONAL NAME | |
| Personal name | Marshall N.B. B.Bone Q. |
| 245 ## - TITLE STATEMENT | |
| Title | Biology of Fishes |
| Remainder of title | / |
| Statement of responsibility, etc. | Q. Bone, N.B.Marshall and J.H.S.Blasxter |
| 250 ## - EDITION STATEMENT | |
| Edition statement | Second Edition. |
| 260 ## - PUBLICATION, DISTRIBUTION, ETC. | |
| Place of publication, distribution, etc. | United Kingdom: |
| Name of publisher, distributor, etc. | Stanley Thorns Ltd, |
| Date of publication, distribution, etc. | 1999 |
| 300 ## - PHYSICAL DESCRIPTION | |
| Extent | 332 pages.: |
| Other physical details | ill.; |
| Dimensions | 23cm. |
| 500 ## - GENERAL NOTE | |
| General note | Include bibliography references, species and subject index |
| 650 ## - SUBJECT ADDED ENTRY--TOPICAL TERM | |
| Topical term or geographic name entry element | Fishes--Physiology |
| 650 ## - SUBJECT ADDED ENTRY--TOPICAL TERM | |
| Topical term or geographic name entry element | Fishes |
| 650 ## - SUBJECT ADDED ENTRY--TOPICAL TERM | |
| Topical term or geographic name entry element | Fishes--Ecology |
| 650 ## - SUBJECT ADDED ENTRY--TOPICAL TERM | |
| Topical term or geographic name entry element | Fishes--Anatomy |
| 700 ## - ADDED ENTRY--PERSONAL NAME | |
| Personal name | Blaxter S.H.J. |
| 942 ## - ADDED ENTRY ELEMENTS (KOHA) | |
| Source of classification or shelving scheme | Library of Congress Classification |
| Koha item type | Non-Fiction |
| Suppress in OPAC | No |
| Withdrawn status | Lost status | Source of classification or shelving scheme | Damaged status | Not for loan | Collection | Home library | Current library | Shelving location | Date acquired | Source of acquisition | Total Checkouts | Full call number | Barcode | Date last seen | Date last checked out | Price effective from | Koha item type |
|---|---|---|---|---|---|---|---|---|---|---|---|---|---|---|---|---|---|
| Library of Congress Classification | Non-fiction | Kapasa Makasa University | Kapasa Makasa University | Open Access | 24.02.2023 | Book Aid | 1 | SH 155.5 Bon 1999 | 734472 | 14.03.2023 | 28.02.2023 | 24.02.2023 | Non-Fiction |